| 000 | 00953nam a22002657a 4500 | ||
|---|---|---|---|
| 001 | ENG-90592 | ||
| 003 | dpl | ||
| 005 | 20060810202909.0 | ||
| 006 | a|||||r|||||00| 0 | ||
| 008 | 080724t xxu||||| |||| 00| 0 eng d | ||
| 010 | _aENG-90592 | ||
| 020 |
_a0071473629 _c250.00 |
||
| 037 | _bDBAD /PUB | ||
| 040 | _aDPL | ||
| 082 | _a808.51 | ||
| 100 |
_aBell, Arthur H. _946 |
||
| 245 |
_aButterflies be gone : _ba hands-on approach to sweat - proof public speaking / _cArthur H. Bell. |
||
| 260 |
_aNew Delhi _bTata McGraw-Hill Publishing _c2008 |
||
| 300 |
_axiv, 200p. _c22 cm.(pbk) |
||
| 500 | _aIncludes appendix, bibliographical references and index | ||
| 650 | _aPublic speaking | ||
| 942 |
_2ddc _cEN _h808.51 _mBEL |
||
| 999 |
_c14578 _d14578 |
||